Pháp luật về đấu giá quyền sử dụng đất để thực hiện dự án đầu tư : Luận văn Thạc sỹ Luật học. Chuyên ngành Luật Kinh tế

Nghiên cứu nhằm tạo cơ sở lý luận, thực tiễn và làm sáng tỏ thực trạng quy định của pháp luật về đấu giá quyền sử dụng đất để thực hiện dự án đầu tư. Đánh giá vai trò của đấu giá quyền sử dụng đất để thực hiện dự án đầu tư...

全面介绍

Đã lưu trong:
书目详细资料
主要作者: Dư, Phước Thoại
格式: 图书
语言:Undetermined
出版: Cần Thơ Trường Đại học Cần Thơ 2019
主题:
标签: 添加标签
没有标签, 成为第一个标记此记录!
Thư viện lưu trữ: Trung tâm Học liệu Trường Đại học Cần Thơ
LEADER 01800nam a2200241Ia 4500
001 CTU_231990
008 210402s9999 xx 000 0 und d
082 |a 346.5970432 
082 |b Th404 
088 |a 8380107 
100 |a Dư, Phước Thoại 
245 0 |a Pháp luật về đấu giá quyền sử dụng đất để thực hiện dự án đầu tư : 
245 0 |b Luận văn Thạc sỹ Luật học. Chuyên ngành Luật Kinh tế 
245 0 |c Dư Phước Thoại ; Nguyễn Lan Hương (Cán bộ hướng dẫn) 
260 |a Cần Thơ 
260 |b Trường Đại học Cần Thơ 
260 |c 2019 
520 |a Nghiên cứu nhằm tạo cơ sở lý luận, thực tiễn và làm sáng tỏ thực trạng quy định của pháp luật về đấu giá quyền sử dụng đất để thực hiện dự án đầu tư. Đánh giá vai trò của đấu giá quyền sử dụng đất để thực hiện dự án đầu tư trong hoạt động quản lý nhà nước về đất đai, vốn hóa đất đai cũng như đối với thị trường bất động sản. Từ đó, đề xuất các giải pháp nhằm hoàn thiện pháp luật và nâng cao hơn nữa hiệu quả đấu giá quyền sử dụng đất để thực hiện dự án đầu tư ở nước ta hiện nay. 
650 |a Land tenure,Quyền sử dụng đất 
650 |x Law and legislation,Luật và văn bản pháp luật 
650 |z Vietnam,Việt Nam 
910 |b nthai 
980 |a Trung tâm Học liệu Trường Đại học Cần Thơ